| 000 | 01046nam a2200289 a 4500 | ||
|---|---|---|---|
| 001 | 26133 | ||
| 003 | CO-ViMGA | ||
| 005 | 20230915232148.0 | ||
| 008 | 141112s2004 ck r 000 u spa d | ||
| 020 | _a9788496778566 | ||
| 040 |
_aCO-ViMGA _bspa _cCO-ViMGA |
||
| 043 | _an - us - - - | ||
| 082 | 0 | 4 | _a920 W35h1 |
| 100 | 1 |
_aWelch, Jack, 1935 - . _940801 |
|
| 245 | 1 | 0 |
_aHablando claro / _cJack Welch con John A. Byrne. |
| 260 |
_aBarcelona : _bVergara, _cGrupo Zeta, _c2007. |
||
| 300 | _a441 p. [16] p. de láminas : il. ; 25 cm. | ||
| 490 | _aVergara business | ||
| 500 | _aIncluye índice. | ||
| 600 |
_aWelch, Jack, 1935 - Autobiografías. _940802 |
||
| 610 |
_aGeneral Electric - Administración - Relatos personales. _940803 |
||
| 650 | 1 | 4 |
_aAdministración de empresas - Relatos personales. _940804 |
| 700 | 1 |
_aByrne, John A. _940805 |
|
| 942 |
_2ddc _cBK |
||
| 949 | _an n | ||
| 999 |
_c33353 _d33353 |
||